[Event "Caribbean-ch (Women)"]
[Site "Carolina"]
[Date "2023.10.30"]
[Round "8"]
[White "Rondon Chacon, Yolys Desiree"]
[Black "Lopez L, Dairyn D"]
[Result "1/2-1/2"]
[WhiteElo "1687"]
[BlackElo "1554"]
[PlyCount "67"]
[EventDate "2023.10.25"]
[EventType "swiss"]
[EventRounds "9"]
[EventCountry "PUR"]
[SourceTitle "CB48_2023"]
[SourceDate "2023.11.29"]
[SourceVersion "1"]
[SourceVersionDate "2023.11.29"]
[SourceQuality "1"]

1. d4 g6 2. Nf3 Bg7 3. g3 d6 4. Bg2 f5 5. 0-0 Nf6 6. c4 c6 7. Nc3 0-0 8. Qc2 Na6 9. a3 Qe8 10. e3 e5 11. dxe5 dxe5 12. b4 Nc7 13. Bb2 Nh5 14. Ne2 Qe7 15. Nd2 g5 16. Rae1 Qf7 17. f4 gxf4 18. exf4 e4 19. Bxg7 Qxg7 20. c5 Be6 21. Nc4 Nd5 22. Rd1 Rad8 23. Nd4 Bc8 24. Nd6 Rf6 25. Nxc8 Rxc8 26. Qb3 Kh8 27. b5 Qe7 28. bxc6 bxc6 29. Nxc6 Rfxc6 30. Rxd5 Rxc5 31. Rxc5 Qxc5+ 32. Kh1 Nf6 33. Qe6 Ng4 34. Bxe4 1/2-1/2

[Event "Caribbean-ch (Women)"]
[Site "Carolina"]
[Date "2023.10.29"]
[Round "6"]
[White "Shariff, Sasha Christina"]
[Black "Lopez L, Dairyn D"]
[Result "0-1"]
[WhiteElo "1263"]
[BlackElo "1554"]
[PlyCount "72"]
[EventDate "2023.10.25"]
[EventType "swiss"]
[EventRounds "9"]
[EventCountry "PUR"]
[SourceTitle "CB48_2023"]
[SourceDate "2023.11.29"]
[SourceVersion "1"]
[SourceVersionDate "2023.11.29"]
[SourceQuality "1"]

1. e4 g6 2. d4 Bg7 3. Nc3 d6 4. Bf4 Nd7 5. Qd2 c5 6. d5 a6 7. a4 Rb8 8. a5 b5 9. axb6 Qxb6 10. Na4 Qa7 11. Rb1 Rb4 12. Nc3 Qb8 13. b3 Ngf6 14. f3 0-0 15. Bd3 a5 16. Nge2 a4 17. Nc1 axb3 18. Rxb3 Nh5 19. Be3 Ne5 20. N3a2 Rxb3 21. cxb3 Bd7 22. 0-0 Nxd3 23. Nxd3 Qxb3 24. Nac1 Qb8 25. Ne2 Rc8 26. Nf2 Rc7 27. Nf4 Nxf4 28. Bxf4 Rb7 29. Be3 Rb2 30. Qc1 Qb3 31. Re1 c4 32. Rd1 Ba4 33. Re1 Bc3 34. Rd1 h5 35. h3 Ra2 36. Qb1 Bb2 0-1

[Event "Olympiad Women-44"]
[Site "Chennai"]
[Date "2022.08.09"]
[Round "11.4"]
[White "Mefteh, Meyssem"]
[Black "Lopez L, Dairyn D"]
[Result "0-1"]
[WhiteElo "1254"]
[BlackElo "1574"]
[PlyCount "82"]
[EventDate "2022.07.29"]
[EventType "team-swiss"]
[EventRounds "11"]
[EventCountry "IND"]
[SourceTitle "CBM 210"]
[Source "ChessBase"]
[SourceDate "2022.10.31"]
[SourceVersion "1"]
[SourceVersionDate "2022.10.31"]
[SourceQuality "1"]
[WhiteTeam "Tunisia (W)"]
[BlackTeam "Guatemala (W)"]
[WhiteTeamCountry "TUN"]
[BlackTeamCountry "GUA"]

1. e4 g6 2. d4 Bg7 3. Nc3 d6 4. f4 h5 5. h3 e5 6. Nf3 exd4 7. Nb5 Nc6 8. Bc4 a6 9. Nbxd4 Nxd4 10. Nxd4 Qh4+ 11. Kf1 Nh6 12. Nf3 Qe7 13. Kf2 0-0 14. Re1 c6 15. Bb3 b5 16. a4 Be6 17. c3 Bxb3 18. Qxb3 Rae8 19. axb5 axb5 20. Bd2 Qb7 21. Qc2 c5 22. Qd3 Rd8 23. Ra5 c4 24. Qe3 Rfe8 25. Nd4 f5 26. Rxb5 Qd7 27. Rd5 Rxe4 28. Qg3 Rxe1 29. Bxe1 Kh7 30. Qe3 Re8 31. Qd2 Re4 32. Kg1 Nf7 33. Nf3 Qa7+ 34. Kh2 Bh6 35. Bg3 Qe7 36. Ng5+ Bxg5 37. fxg5 Re2 38. Qd4 Rxb2 39. Qf6 Qb7 40. Qe6 Nxg5 41. h4 Nxe6 0-1

[Event "San Jose subzonal (Women) 2.3.c"]
[Site "San Jose"]
[Date "2018.03.25"]
[Round "2"]
[White "Lopez L, Dairyn D"]
[Black "Castillo Morales, Thais"]
[Result "0-1"]
[WhiteElo "1415"]
[BlackElo "1916"]
[PlyCount "51"]
[EventDate "2018.03.25"]
[EventType "swiss"]
[EventRounds "9"]
[EventCountry "CRI"]
[SourceTitle "EXT 2019"]
[Source "ChessBase"]
[SourceDate "2018.10.10"]
[SourceVersion "1"]
[SourceVersionDate "2018.10.10"]
[SourceQuality "1"]

1. d4 e6 2. Nf3 Nf6 3. Bf4 c5 4. e3 Nc6 5. c3 Be7 6. h3 b6 7. Nbd2 0-0 8. Bd3 d5 9. Ne5 Bb7 10. g4 Nxe5 11. dxe5 Ne4 12. Nf3 d4 13. exd4 cxd4 14. cxd4 Qd5 15. Rh2 g5 16. Be3 Bb4+ 17. Kf1 f6 18. Rc1 fxe5 19. Bc4 Ng3+ 20. fxg3 Rxf3+ 21. Bf2 Qd6 22. dxe5 Qxe5 23. Kg1 Rxg3+ 24. Kf1 Rf8 25. Rc2 Rgf3 26. Rg2 0-1